Lekári potrebujú prvú pomoc...
Prezident Asociácie súkromných lekárov SR (ASL SR) MUDr. Ladislav Pasztor o financovaní súkromnej zdravotníckej praxe. Získanie potrebného základného kapitálu pre otvorenie súkromnej praxe.
Saved in:
| Main Author: | |
|---|---|
| Other Authors: | |
| Format: | Book Chapter |
| Language: | Slovak |
| Subjects: | |
| Tags: |
No Tags, Be the first to tag this record!
|
MARC
| LEADER | 00000naa a2200000 4500 | ||
|---|---|---|---|
| 001 | r022284 | ||
| 005 | 20230801110041.8 | ||
| 041 | 0 | |a slo | |
| 044 | |a SK | ||
| 245 | 1 | 0 | |a Lekári potrebujú prvú pomoc... |c L. Pasztor, J. Volfová |
| 520 | |a Prezident Asociácie súkromných lekárov SR (ASL SR) MUDr. Ladislav Pasztor o financovaní súkromnej zdravotníckej praxe. Získanie potrebného základného kapitálu pre otvorenie súkromnej praxe. | ||
| 610 | 2 | 0 | |a Slovensko |
| 610 | 2 | 0 | |a 1996 |
| 610 | 2 | 0 | |a 1997 |
| 610 | 2 | 0 | |a zdravotníctvo |
| 610 | 2 | 0 | |a lekári |
| 610 | 2 | 0 | |a financovanie |
| 610 | 2 | 0 | |a privatizácia |
| 610 | 2 | 0 | |a Asociácia súkromných lekárov SR |
| 610 | 2 | 0 | |a združenia |
| 100 | 1 | |a Pasztor, L. | |
| 700 | 1 | |a Volfová, J. | |